Cargando...

P Kunjiraman nayarude Kavya bimbangal

Detalles Bibliográficos
Autor Principal: Satheeshan T
Formato: Printed Book
Idioma:Malayalam
Publicado: Kozhikode Lipi 2002
LEADER 00458nam a2200121Ia 4500
008 111205s9999 xx 000 0 mal d
100 |a Satheeshan T 
245 |a P Kunjiraman nayarude Kavya bimbangal  |c Satheeshan T 
260 |b Lipi  |a Kozhikode  |c 2002 
300 |a 128p 
942 |c BK 
999 |c 227004  |d 227004 
952 |0 0  |1 0  |2 ddc  |4 0  |6 851_090000000000000_SAT_K  |7 0  |9 250605  |a MAL  |b MAL  |c ST1  |d 2011-12-05  |g 0.00  |l 4  |o 851.09 SAT/K  |p MAL30154  |r 2018-11-14  |s 2018-10-03  |v 0.00  |w 2011-12-05  |y BK